Datum a čas kvízu
32
Celkem bodů
Celkový počet nahraných bodů na tomto kvízu bez doplňovacích otázek.
4.
Pořadí na kvízu
Konečné umístění týmu na tomto kvízu.
Zaznamenané odpovědi
| # | Otázka | Odpověď | Body | Výsledky |
|---|---|---|---|---|
| 1. | Jedenáct klavírů a pian českéh... | Karel Komárek | 1 | |
| 2. | Rádio Svobodná Evropa se poprv... | Maďarsko | 1 | |
| 3. | V úterý oslavila úctyhodné 10... | Meda Mládková | 1 | |
| 4. | Ve Francii se během celostátní... | rtěnka | 1 | |
| 5. | Srbský tenista Novak Djoković... | Trefil mimo hru čárovou rozhodčí. | 1 | |
| 6. | Nobelova cena je od roku 1901... | ekonomie | 1 | |
| 7. | Pouze dvěma Čechům v historii... | Jaroslav Heyrovský, Jaroslav Seifert | 1 | |
| 8. | Dva laureáti Nobelovy ceny za... | Boris Pasternak, Jean-Paul Sartre | 0.5 | |
| 9. | Přiřaďte laureáty Nobelových c... | 1A 2B 3C 4D | 0 | |
| 10. | Vyberte nepravdivé tvrzení o p... | C | 0 |